Guess the Billie Eilish song (no hints) #2 - Statistics

General Stats
  • This quiz has been taken 1,642 times
  • The average score is 133 of 215
Answer Stats
Hint Lyrics % Correct
Lyrics I
99%
you
95%
You
95%
a
93%
when
90%
the
85%
The
85%
be
81%
don't
81%
Don't
81%
me
81%
love
78%
love"
78%
to
78%
what
73%
What
73%
and
72%
And
72%
in
72%
my
71%
wanna
70%
we
69%
know
68%
So
67%
where
67%
you're
67%
just
66%
on
66%
are
65%
I'm
65%
see
62%
have
60%
not
60%
now
60%
Now
60%
of
59%
for
58%
right
58%
TV
58%
TV?
58%
all
57%
All
57%
Did
57%
watch
57%
I'll
56%
talk
56%
they
56%
at
55%
leave
55%
fall
54%
"it's
54%
should
54%
mad
53%
get
52%
them
52%
Maybe
51%
tell
51%
time
51%
friends
50%
some
50%
stay
50%
try
50%
because
49%
again
48%
That's
48%
that's
48%
while
48%
happens
47%
pool
47%
problem
47%
drown
46%
missing
46%
myself
46%
sleep
46%
about
45%
behind
45%
made?
45%
fine
44%
least
44%
little
44%
put
44%
somebody
44%
yourself
44%
starve
43%
suffer
43%
with
43%
denial
42%
gone
41%
plans
41%
they're
41%
v.
41%
'cause
40%
Survivor
39%
wild
39%
anything?
38%
Baby
38%
other
38%
internet's
37%
movie
37%
point
37%
trial
37%
watching
37%
What's
37%
each
36%
stars
36%
anyone
35%
betray
35%
Wade
35%
along
34%
Roe
34%
sofa
34%
overturning
33%
Sinkin'
31%
No matching quizzes found
Score Distribution
Percent of People with Each Score
Percentile by Number Answered
Your Score History
You have not taken this quiz